History Quiz

Random History or Politics Quiz

Political Terms (US) Quiz Stats

 Plays Quiz Updated Oct 23, 2020

     
Support Sporcle.
Go Orange.
Score 0/14 Timer 05:00
1 Play Today
Definition Term % Correct
Grand Old PartyRepublican
96%
Oldest political party in the United StatesDemocratic
90.4%
Body of 538 elected representatives who select the President and Vice PresidentElectoral College
81.4%
An exceptionally long speech as a form of obstruction in a legislatureFilibuster
75.1%
Formal accusation issued by a legislature against a public officialImpeachment
62.6%
Gathering of delegates to nominate candidates for elective officeConvention
62.2%
Northerners who moved to the South to make a profit from ReconstructionCarpetbagger
60.1%
Definition Term % Correct
Rearrangement of voting districts so as to favor the party in powerGerrymander
59.3%
An elected official who loses political power due to a term limitLame Duck
56.7%
Political movement driven by the constituents of a communityGrassroots
54.9%
A little-known, unexpectedly successful candidateDark Horse
53.2%
Meeting of supporters or members of a political party or movementCaucus
48.7%
Electoral device where voters express preferences to government policyInitiative
40.1%
Election in which the candidates do not formally have a party affiliationNonpartisan
17.7%

From the Vault

Image Word Wheel II

by JoeBeta

Round and round the word wheel goes...
Remove Ads.
Support Sporcle.
Get the best of Sporcle when you Go Orange. This ad-free experience offers more features, more stats, and more fun while also helping to support Sporcle. Thank you for becoming a member.

Show Comments

Extras

Top Quizzes Today


Score Distribution

Your Account Isn't Verified!

In order to create a playlist on Sporcle, you need to verify the email address you used during registration. Go to your Sporcle Settings to finish the process.

Report this User

Report this user for behavior that violates our Community Guidelines.

Details: